[Event "Gatineau Defi Nez-B"]
[Site "Gatineau"]
[Date "2009.12.01"]
[Round "3"]
[White "Dupont, Claude"]
[Black "Thibault, Mario"]
[Result "0-1"]
[WhiteElo "1480"]
[BlackElo "1723"]
[PlyCount "80"]
[EventDate "2009.11.17"]
[EventType "swiss"]
[EventRounds "5"]
[EventCountry "CAN"]
[SourceTitle "EXT 2011"]
[Source "ChessBase"]
[SourceDate "2010.11.26"]
[SourceVersion "1"]
[SourceVersionDate "2010.11.26"]
[SourceQuality "1"]

1. e4 c5 2. Nf3 g6 3. c3 Bg7 4. d4 cxd4 5. cxd4 d5 6. exd5 Nf6 7. Bb5+ Nbd7 8. Nc3 0-0 9. Bxd7 Bxd7 10. Bg5 Bg4 11. Bxf6 Bxf6 12. Qd3 Bxf3 13. gxf3 Qb6 14. Qb5 Bxd4 15. Qxb6 Bxb6 16. 0-0 Rac8 17. Rad1 Rfd8 18. Rfe1 Bc5 19. a3 Rd7 20. b4 Bxb4 21. axb4 Rxc3 22. Re4 Rxf3 23. Kg2 Rf5 24. Red4 Rc7 25. d6 exd6 26. Rxd6 Rc4 27. R6d4 Rxd4 28. Rxd4 Rb5 29. f4 Kf8 30. Kg3 Ke7 31. Kg4 b6 32. h4 a5 33. bxa5 bxa5 34. Kf3 Ke6 35. Kg4 h5+ 36. Kf3 Rb3+ 37. Ke4 Rb4 38. f5+ gxf5+ 39. Ke3 Rxd4 40. Kxd4 a4 0-1

[Event "Hull CC 29 Anniv-B"]
[Site "Gatineau"]
[Date "2009.09.15"]
[Round "2"]
[White "Dupont, Claude"]
[Black "Levesque, Andre"]
[Result "1-0"]
[WhiteElo "1532"]
[BlackElo "1307"]
[PlyCount "133"]
[EventDate "2009.09.08"]
[EventType "swiss"]
[EventRounds "5"]
[EventCountry "CAN"]
[SourceTitle "EXT 2011"]
[Source "ChessBase"]
[SourceDate "2010.11.26"]
[SourceVersion "1"]
[SourceVersionDate "2010.11.26"]
[SourceQuality "1"]

1. e4 c5 2. Nf3 Nc6 3. Bb5 a6 4. Bxc6 bxc6 5. d3 g6 6. Bd2 d6 7. Bc3 Nf6 8. Bxf6 exf6 9. c4 Bg7 10. Nc3 0-0 11. 0-0 Re8 12. Re1 Rb8 13. Qc2 f5 14. Nd2 fxe4 15. Ndxe4 Bf5 16. Ng3 Be6 17. Rac1 d5 18. b3 Qd6 19. Nce2 d4 20. Ne4 Qe7 21. Qd2 h6 22. Qa5 Bf8 23. N4g3 f5 24. Nf4 Qf6 25. Qxa6 Bf7 26. Qa5 Ra8 27. Qd2 h5 28. Rxe8 Rxe8 29. Re1 h4 30. Rxe8 Bxe8 31. Nge2 g5 32. Nh3 Bh6 33. f4 g4 34. Ng5 Kg7 35. a4 Kg6 36. a5 Qe7 37. g3 h3 38. Kf1 Qb7 39. b4 cxb4 40. Nxd4 c5 41. Nb3 Qc6 42. Kg1 Bd7 43. d4 cxd4 44. Nxd4 Qxc4 45. a6 Qxa6 46. Qxb4 Qa1+ 47. Kf2 Qa6 48. Qe7 Qa2+ 49. Ne2 Qd5 50. Qh7+ Kh5 51. Qf7+ Qxf7 52. Nxf7 Bg7 53. Ke3 Kg6 54. Nd6 Bf8 55. Nc4 Bc5+ 56. Nd4 Kf6 57. Ne5 Be8 58. Kd3 Ke7 59. Kc4 Kd6 60. Nxf5+ Ke6 61. Ng7+ Ke7 62. Kxc5 Bd7 63. Nxd7 Kxd7 64. Kd5 Ke7 65. Ke5 Kf7 66. Nh5 Kg6 67. Nf6 1-0

[Event "Hull CC 29 Anniv-B"]
[Site "Gatineau"]
[Date "2009.09.08"]
[Round "1"]
[White "Dupont, Claude"]
[Black "Dagenais, Benoit"]
[Result "0-1"]
[WhiteElo "1532"]
[BlackElo "1141"]
[PlyCount "70"]
[EventDate "2009.09.08"]
[EventType "swiss"]
[EventRounds "5"]
[EventCountry "CAN"]
[SourceTitle "EXT 2011"]
[Source "ChessBase"]
[SourceDate "2010.11.26"]
[SourceVersion "1"]
[SourceVersionDate "2010.11.26"]
[SourceQuality "1"]

1. e4 Nf6 2. d3 d5 3. f3 e5 4. Bg5 d4 5. Ne2 h6 6. Bh4 c5 7. c3 Nc6 8. Nd2 b5 9. g4 g5 10. Bg3 h5 11. gxh5 Nxh5 12. Bg2 Nxg3 13. hxg3 Rxh1+ 14. Bxh1 dxc3 15. Nxc3 Qxd3 16. Qe2 Qxe2+ 17. Kxe2 Nd4+ 18. Kf2 Be6 19. Bg2 0-0-0 20. Rc1 c4 21. g4 Bc5 22. Kg3 b4 23. Bf1 bxc3 24. Rxc3 Nb5 25. Rc1 Rxd2 26. Bxc4 Bf2+ 27. Kh3 Bxc4 28. Rxc4+ Kd7 29. Rb4 a6 30. a4 Nd4 31. Rb7+ Ke8 32. Rb8+ Ke7 33. Ra8 Nxf3 34. Rxa6 Bh4 35. Ra7+ Kf6 0-1

[Event "Gatineau Hull CC LEO-chB"]
[Site "Gatineau"]
[Date "2008.05.06"]
[Round "4"]
[White "Dupont, Claude"]
[Black "Guimond, Michel"]
[Result "0-1"]
[WhiteElo "1496"]
[BlackElo "1892"]
[PlyCount "72"]
[EventDate "2008.04.15"]
[EventType "swiss"]
[EventRounds "6"]
[EventCountry "CAN"]
[SourceTitle "EXT 2022"]
[Source "ChessBase"]
[SourceDate "2021.10.06"]
[SourceVersion "1"]
[SourceVersionDate "2021.10.06"]
[SourceQuality "1"]

1. e4 c5 2. Nf3 d6 3. d4 cxd4 4. Qxd4 Bd7 5. Bc4 Nc6 6. Qc3 Nf6 7. Nbd2 g6 8. Ng5 Ne5 9. Bb3 h6 10. Ngf3 Nxf3+ 11. Qxf3 Bg7 12. h3 0-0 13. 0-0 e6 14. c3 Bc6 15. Re1 Qc7 16. Bc2 Nh5 17. g4 Nf6 18. a4 d5 19. exd5 Nxd5 20. Ne4 f5 21. Ng3 Nxc3 22. Qe3 Bd5 23. f3 f4 24. Qd3 Qc5+ 25. Kg2 fxg3 26. Be3 Rxf3 27. Bxc5 Rxd3+ 28. Kg1 Rd2 29. bxc3 Rg2+ 30. Kf1 Rxc2 31. Re2 Bc4 32. Kg2 Rxe2+ 33. Kxg3 g5 34. Bd4 e5 35. Bf2 Bd5 36. Ra3 Rf8 0-1

[Event "Gatineau Monarque blanc"]
[Site "Gatineau"]
[Date "2007.02.06"]
[Round "4"]
[White "Chartrand, Jean Bruno"]
[Black "Dupont, Claude"]
[Result "1-0"]
[WhiteElo "1836"]
[BlackElo "1395"]
[PlyCount "72"]
[EventDate "2007.01.16"]
[EventType "swiss"]
[EventRounds "7"]
[EventCountry "CAN"]
[SourceTitle "EXT 2022"]
[Source "ChessBase"]
[SourceDate "2021.10.06"]
[SourceVersion "1"]
[SourceVersionDate "2021.10.06"]
[SourceQuality "1"]

1. d4 d5 2. c4 e6 3. Nc3 Nf6 4. Nf3 b6 5. Bg5 Be7 6. e3 Bb7 7. Rc1 Nbd7 8. Be2 h6 9. Bf4 c6 10. 0-0 Nh7 11. cxd5 exd5 12. Nxd5 0-0 13. Nxe7+ Qxe7 14. d5 c5 15. Bd3 Nhf6 16. d6 Qe6 17. Bc4 Bd5 18. Bxd5 Nxd5 19. Bg3 Rfd8 20. Re1 N7f6 21. e4 Nxe4 22. Nd2 f5 23. f3 Rxd6 24. Bxd6 Qxd6 25. fxe4 fxe4 26. Nxe4 Qc6 27. Nc3 Nf4 28. Re4 Rf8 29. Qa4 b5 30. Qxb5 Qg6 31. Qc4+ Kh8 32. Rxf4 Rxf4 33. Qxf4 Qb6 34. Re1 h5 35. Re8+ Kh7 36. Qf5+ Kh6 1-0

[Event "Gatineau Nez rouge B"]
[Site "Gatineau"]
[Date "2006.12.19"]
[Round "5"]
[White "Toulouse, Raphael"]
[Black "Dupont, Claude"]
[Result "0-1"]
[WhiteElo "1104"]
[BlackElo "1402"]
[PlyCount "62"]
[EventDate "2006.11.21"]
[EventType "swiss"]
[EventRounds "5"]
[EventCountry "CAN"]
[SourceTitle "EXT 2022"]
[Source "ChessBase"]
[SourceDate "2021.10.06"]
[SourceVersion "1"]
[SourceVersionDate "2021.10.06"]
[SourceQuality "1"]

1. d4 d5 2. c4 e6 3. Nf3 Nf6 4. e3 Bb4+ 5. Bd2 Bxd2+ 6. Nbxd2 0-0 7. Bd3 c6 8. 0-0 Nbd7 9. Qc2 h6 10. b4 b6 11. c5 bxc5 12. bxc5 a5 13. Rab1 Ba6 14. Bxa6 Rxa6 15. Qd3 Ra8 16. h3 Qc7 17. a3 Rfb8 18. Rxb8+ Rxb8 19. Rb1 Rxb1+ 20. Qxb1 g5 21. h4 Kg7 22. Qe1 a4 23. e4 dxe4 24. Nxe4 Nxe4 25. Qxe4 Nf6 26. Qe5 Qb7 27. Nxg5 Qb1+ 28. Kh2 hxg5 29. Qxg5+ Qg6 30. Qe5 Qe4 31. Qxe4 Nxe4 0-1

[Event "Gatineau Nez rouge B"]
[Site "Gatineau"]
[Date "2006.12.05"]
[Round "3"]
[White "Dupont, Claude"]
[Black "Levesque, Andre"]
[Result "0-1"]
[WhiteElo "1402"]
[BlackElo "1498"]
[PlyCount "80"]
[EventDate "2006.11.21"]
[EventType "swiss"]
[EventRounds "5"]
[EventCountry "CAN"]
[SourceTitle "EXT 2022"]
[Source "ChessBase"]
[SourceDate "2021.10.06"]
[SourceVersion "1"]
[SourceVersionDate "2021.10.06"]
[SourceQuality "1"]

1. e4 c5 2. Nf3 g6 3. Bc4 Bg7 4. c3 Nc6 5. 0-0 Nf6 6. Re1 0-0 7. d4 cxd4 8. cxd4 d6 9. a3 Bg4 10. d5 Bxf3 11. Qxf3 Ne5 12. Qe2 Rc8 13. b3 Nxc4 14. bxc4 Nxe4 15. Bb2 Bxb2 16. Qxb2 Nc5 17. a4 Nd3 18. Qe2 Nxe1 19. Qxe1 Rxc4 20. Nc3 Qc8 21. Ne2 Qc7 22. g3 Rc8 23. Kg2 Re8 24. h4 Qc8 25. a5 e6 26. dxe6 Rxe6 27. Qd1 Rce4 28. Nf4 Re1 29. Qxe1 Rxe1 30. Rxe1 Qc3 31. Rb1 Kg7 32. Kg1 Qc6 33. Rd1 b6 34. axb6 axb6 35. Nd5 b5 36. Nb4 Qc4 37. Nd5 b4 38. Ne3 Qc5 39. Nd5 b3 40. Ne3 b2 0-1

[Event "Gatineau Roger Roy Memorial"]
[Site "Gatineau"]
[Date "2006.11.14"]
[Round "5"]
[White "Dupont, Claude"]
[Black "Maisonneuve, Paul"]
[Result "0-1"]
[WhiteElo "1415"]
[BlackElo "1569"]
[PlyCount "52"]
[EventDate "2006.10.17"]
[EventType "swiss"]
[EventRounds "5"]
[EventCountry "CAN"]
[SourceTitle "EXT 2022"]
[Source "ChessBase"]
[SourceDate "2021.10.06"]
[SourceVersion "1"]
[SourceVersionDate "2021.10.06"]
[SourceQuality "1"]

1. e4 d6 2. d4 Nf6 3. Nc3 g6 4. Nf3 Bg7 5. Be2 c5 6. dxc5 Qa5 7. Bd2 Qxc5 8. a3 0-0 9. b4 Qb6 10. Be3 Qc6 11. Nd5 Nxd5 12. exd5 Qc3+ 13. Bd2 Qxa1 14. Qxa1 Bxa1 15. c3 Bf5 16. Nd4 Rc8 17. Nxf5 gxf5 18. 0-0 Bxc3 19. Rc1 Nd7 20. Rxc3 Rxc3 21. Bxc3 Rc8 22. Be1 Nb6 23. Bd3 e6 24. dxe6 fxe6 25. Bd2 Nc4 26. Bc1 Ne5 0-1

[Event "Gatineau Roger Roy Memorial"]
[Site "Gatineau"]
[Date "2006.10.31"]
[Round "3"]
[White "Scantland, Patrick"]
[Black "Dupont, Claude"]
[Result "1-0"]
[WhiteElo "1680"]
[BlackElo "1415"]
[PlyCount "95"]
[EventDate "2006.10.17"]
[EventType "swiss"]
[EventRounds "5"]
[EventCountry "CAN"]
[SourceTitle "EXT 2022"]
[Source "ChessBase"]
[SourceDate "2021.10.06"]
[SourceVersion "1"]
[SourceVersionDate "2021.10.06"]
[SourceQuality "1"]

1. e4 c5 2. Nf3 d6 3. d4 cxd4 4. Nxd4 Nc6 5. c4 e5 6. Nc2 Nf6 7. Nc3 Be7 8. Be2 0-0 9. Be3 b6 10. Qd2 Bb7 11. 0-0 a6 12. f3 Qc7 13. Rfd1 Rfd8 14. Bg5 Rd7 15. Ne3 Nd4 16. Bxf6 Nxe2+ 17. Qxe2 Bxf6 18. Ncd5 Bxd5 19. Nxd5 Qc5+ 20. Kf1 Be7 21. b3 a5 22. Rd2 Rad8 23. Rad1 Bg5 24. Rd3 Kf8 25. Qf2 Re8 26. Qxc5 dxc5 27. g3 Bd8 28. a4 f6 29. Ke2 Kf7 30. Ne3 Rxd3 31. Rxd3 Ke6 32. Rd5 g6 33. g4 Bc7 34. h4 h6 35. Nd1 Rd8 36. Nc3 Rxd5 37. cxd5+ Kd7 38. Kd3 g5 39. h5 Bd8 40. Kc4 Kc7 41. Kb5 Kb7 42. Ne2 Be7 43. Ng3 Bd6 44. Nf5 Bf8 45. Ne3 Bd6 46. Nc4 Bc7 47. d6 Bd8 48. Ne3 1-0

[Event "Hull CC-chC"]
[Site "Gatineau"]
[Date "2006.03.07"]
[Round "3"]
[White "Lamothe, Luc"]
[Black "Dupont, Claude"]
[Result "0-1"]
[WhiteElo "1210"]
[BlackElo "1445"]
[PlyCount "80"]
[EventDate "2006.02.08"]
[EventType "swiss"]
[EventRounds "5"]
[EventCountry "CAN"]
[SourceTitle "EXT 2007"]
[Source "ChessBase"]
[SourceDate "2006.11.23"]
[SourceVersion "1"]
[SourceVersionDate "2006.11.23"]
[SourceQuality "1"]

1. d4 d5 2. c4 e6 3. Nc3 Nf6 4. Nf3 Be7 5. Bg5 Nbd7 6. e3 c6 7. a4 a5 8. Bd3 b6 9. 0-0 Ba6 10. cxd5 cxd5 11. Qb1 Bxd3 12. Qxd3 0-0 13. Rab1 Ne8 14. e4 Bxg5 15. exd5 exd5 16. Qf5 Be7 17. Nxd5 Ndf6 18. Nxe7+ Qxe7 19. Rfe1 Qd7 20. Qxd7 Nxd7 21. d5 Nef6 22. Re7 Rac8 23. g4 h6 24. Ne5 Nxe5 25. Rxe5 Nxg4 26. Re7 Rfd8 27. Rd1 Rd6 28. Re4 Nf6 29. Red4 Rc5 30. b4 Rcxd5 31. Rxd5 Rxd5 32. Rxd5 Nxd5 33. bxa5 bxa5 34. Kf1 Nc3 35. Ke1 Nxa4 36. Kd2 Nc5 37. Kc2 a4 38. Kb2 f5 39. Ka3 Kf7 40. f3 Ke6 0-1

[Event "Sherbrooke-opC"]
[Site "Sherbrooke"]
[Date "2005.05.28"]
[Round "3"]
[White "Dupont, Claude"]
[Black "Pelletier, Jacques"]
[Result "1-0"]
[WhiteElo "1384"]
[BlackElo "1471"]
[PlyCount "56"]
[EventDate "2005.05.??"]
[EventType "swiss"]
[EventRounds "5"]
[EventCountry "CAN"]
[SourceTitle "CBM 106 Extra"]
[Source "ChessBase"]
[SourceDate "2005.07.01"]
[SourceVersion "1"]
[SourceVersionDate "2005.07.01"]
[SourceQuality "1"]

1. e4 e5 2. Nf3 Nc6 3. d4 exd4 4. Nxd4 Bc5 5. Nxc6 Qf6 6. Qe2 dxc6 7. c3 Ne7 8. Be3 Bxe3 9. Qxe3 0-0 10. Bd3 Ng6 11. g3 Ne5 12. Be2 Bg4 13. Nd2 Bxe2 14. Qxe2 Rad8 15. 0-0 Nd3 16. Nb3 Rd7 17. Rad1 Rfd8 18. Nd4 c5 19. Nf5 Ne5 20. Rxd7 Rxd7 21. f4 Ng6 22. Rd1 Qd8 23. Rxd7 Qxd7 24. Kg2 a6 25. Qc4 Kf8 26. b3 Ne7 27. Nxe7 Kxe7 28. h4 Qd8 1-0